| 000 | 00622nam a2200205 i 4500 | ||
|---|---|---|---|
| 001 | 140927 | ||
| 003 | ES-MaACL | ||
| 005 | 20230906200200.0 | ||
| 007 | t| | ||
| 008 | 070918s1981 sp ||||1| spa d | ||
| 020 | _a84-300-6176-2 | ||
| 080 | _a665.334.93(46) | ||
| 080 | _a616-022.6(46)"1981" | ||
| 100 | 1 |
_aYnfante, Jesús. _9117650 |
|
| 245 | 1 | 3 |
_aEl libro negro de la colza _b: el misterio del "síndrome tóxico por aceite de colza" / _cJesús Ynfante. |
| 260 |
_a[Barcelona] : _bPuntual, _c[1981] |
||
| 300 |
_a183 p. ; _c19 cm. |
||
| 650 | 1 | 4 |
_aAceite de colza. _99579 |
| 852 |
_aES-MaACL _jL-1689 _bR.102480 |
||
| 999 |
_c140927 _d140927 |
||